Mongolská politika nejen ve světle korupčních afér a těžebního boomu

Ekonomický rast v Mongolsku v rokoch 2004-2008. Prejavy globálnej recesie po roku 2008. Rozruch na mongolskej politickej scéne - zatknutie bývalého komunistického prezidenta N. Enchbajara podozrivého z korupcie. Mongolská ľudovo-revolučná strana a Mongolská ľudová strana ako súperi v parlamentných v...

Description complète

Enregistré dans:
Détails bibliographiques
Auteur principal: Jiráková, Edita
Format: Chapitre de livre
Langue:tchèque
Sujets:
Tags: Ajouter un tag
Pas de tags, Soyez le premier à ajouter un tag!

MARC

LEADER 00000naa a2200000 4500
001 0163949
005 20231016094928.1
041 0 |a cze 
044 |a CZ 
245 1 0 |a Mongolská politika nejen ve světle korupčních afér a těžebního boomu  |c Edita Jiráková 
520 |a Ekonomický rast v Mongolsku v rokoch 2004-2008. Prejavy globálnej recesie po roku 2008. Rozruch na mongolskej politickej scéne - zatknutie bývalého komunistického prezidenta N. Enchbajara podozrivého z korupcie. Mongolská ľudovo-revolučná strana a Mongolská ľudová strana ako súperi v parlamentných voľbách. Proces zostavenia vlády. Transformácia na úrovni ministerstiev. Aktivita zahraničných partnerov v oblasti energetiky. Spolupráca s Ruskom v ťažbe uránu. Ťažba medi a zlata. Nový parlament s vyšším zastúpením žien. 
610 2 0 |a politika vnútorná 
610 2 0 |a politika zahraničná 
610 2 0 |a spolupráca medzinárodná 
610 2 0 |a voľby 
610 2 0 |a korupcia 
610 2 0 |a energetika 
610 2 0 |a suroviny nerastné 
610 2 0 |a ťažba surovín 
610 2 0 |a Mongolsko 
610 2 0 |a Rusko 
100 1 |a Jiráková, Edita